000 00734nam a2200181 a 4500
001 000044289
005 20201002045254.0
008 140612s2004 dr a 000 0 spa d
040 _aDO-SdBNP
_bspa
_cBNPHU
082 _axxxxxx
_bxxxxxx
100 1 _aSuriel, Carlos
_957735
245 1 0 _aIco Félix el guardian de las montañas /
_cCarlos Suriel ; editores Francisco Núñez Henríquez, Celeste Mir Mesejo.
260 _aSanto Domingo :
_bSecretaría de Estado de Educación
_bFundación Moscoso Puello,
_c2004.
300 _a119 p. :
_bil. ;
_c28 cm.
504 _aIncluye referencias bibliográficas y notas al pie de las páginas
700 1 _aNúñez Henríquez, Francisco,
_eed.
_972290
700 1 _aMir Mesejo, Celeste,
_eed.
_972291
999 _c43778
_d43778